书目信息 |
| 题名: |
FOSTER 40 Projects
|
|
| 作者: | 帕里斯Prestel | |
| 分册: | ||
| 出版信息: | London Prestel Publishing Ltd 2007 |
|
| 页数: | 311页 | |
| 开本: | 20cm | |
| 丛书名: | ||
| 单 册: | ||
| 中图分类: | TU206 | |
| 科图分类: | ||
| 主题词: | 建筑设计 | |
| 电子资源: | ||
| ISBN: | 9783791337951 | |
| 000 | 00674nam0 2200229 45 | |
| 001 | 1261890114 | |
| 005 | 20131126173514.75 | |
| 010 | @a9783791337951@dCNY320.00 | |
| 092 | @aCN@bRCJZ | |
| 100 | @a20111107d2007 ekmy0 y0120 ea | |
| 102 | @aCN@b130000 | |
| 105 | @ay z 000yy | |
| 200 | 1 | @aFOSTER 40 Projects@e诺曼夫斯特)@f帕里斯Prestel@Fpa li si Prestel |
| 210 | @aLondon@cPrestel Publishing Ltd@d2007 | |
| 215 | @a311页@d20cm | |
| 517 | 1 | @a诺曼夫斯特)@Anuo man fu si te) |
| 606 | 0 | @a建筑设计 |
| 690 | @aTU206@v4 | |
| 701 | 0 | @a帕里斯Prestel@Apa li si Prestel |
| 801 | 0 | @aCN@b安徽儒林@c20111107 |
| 905 | @a10447@dTU206@eP026 | |
| 906 | @cRCJZ@dCNY380.00@n2@r1 | |
| FOSTER 40 Projects:诺曼夫斯特)/帕里斯Prestel.-London:Prestel Publishing Ltd,2007 |
| 311页;20cm |
| ISBN 9783791337951:CNY320.00 |
| ● |
| 相关链接 |
|
|
|
正题名:FOSTER 40 Projects
索取号:TU206/P026
 
预约/预借
| 序号 | 登录号 | 条形码 | 馆藏地/架位号 | 状态 | 备注 |
| 1 | 483675 | 204836758 | 建筑库101/101建筑库 42排4列2层/ [索取号:TU206/P026] | 在馆 | |
| 2 | 483676 | 204836767 | 建筑库101/101建筑库 42排4列2层/ [索取号:TU206/P026] | 在馆 | |
| 3 | 492254 | 204922548 | 建筑与城市规划学院资料室/ [索取号:TU206/P026] | 在馆 | |
| 4 | 492255 | 204922557 | 建筑与城市规划学院资料室/ [索取号:TU206/P026] | 在馆 |